000 00998nam a2200241Ia 4500
003 OSt
005 20220923225139.0
006 a|||||r|||| 00| 0
007 ta
008 220922b |||||||| |||| 00| 0 hin d
024 _a258,513
037 _cTextual
040 _aARTS
_cARTS
_bhin
041 _2hin
_ahin
082 _aX, 152L5
100 _aजितेन्द्र कुमार गौतम; भार्गव, बलदेव कृष्ण
_9168430
245 0 _aअर्थशास्त्र के सिद्धान्त एवं भारतीय कर विधि
246 _aArthashāstra ke siddhānta evan bhāratīya kar vidhi
260 _aदिल्ली
_b दत्ता बुक सैन्टर
_c1975
650 _aअर्थशास्त्र
942 _hX, 152L5
_cTEXL
_2CC
999 _c376394
_d376394